| 000 | 00766nam a22002177a 4500 | ||
|---|---|---|---|
| 999 |
_c10121 _d10121 |
||
| 003 | AR-CdUCM | ||
| 008 | 190329b ||||| |||| 00| 0 spa d | ||
| 040 |
_aMUNICIPALIDAD PROVINCIAL DEL CUSCO _cBIBLIOTECA MUNICIPAL DEL CUSCO |
||
| 082 |
_a741.8 / _bT73 / 1930 |
||
| 100 |
_aDe la Torre, Amadeo _926788 |
||
| 245 | _aCaricaturas en escultura policromada / | ||
| 260 |
_aLima : _bAlzedo, _c1930 |
||
| 300 |
_a51 páginas ; _c25 cm. |
||
| 440 |
_aCaricaturas en escultura policromada _n1 _926789 |
||
| 505 | _aContenido : Florence la cocina ideal en todo hogar -- Roberto Malaga pintor decorador -- Electrolux -- Caricaturas ... | ||
| 650 |
_aPintura _93081 |
||
| 650 |
_aCaricatura _926790 |
||
| 650 |
_aEscultura _913152 |
||
| 942 |
_2ddc _cLIBROS |
||
| 945 | _arah | ||